00923nam a2200265 i 450000100060000000300090000600500170001500700030003200800410003502000180007608000420009408000420013624500710017825000120024926000510026130000300031249000130034260000470035570000230040270000390042583000210046485200330048599900170051895201220053517301ES-MaACL20250610152235.0t|010126s1999 sp ||||1| spa d a84-8323-121-2 a78 Bach, Johann Sebastian (1685-1750) a92 Bach, Johann Sebastian (1685-1750)00aVida de Bach / cJohn Butt (ed.) ; traducción de María Condor. a1ª ed. aMadrid : bCambridge University Press, c2000. a384 p. : bil. ; c22 cm.1 aMúsica04aBach, Johann Sebastian, d1685-17509244541 aButt, John.9329601 aCóndor Orduña, María.9401500 aMúsica9228703 aES-MaACLjL-24178 bR.129230 c17301d17301 00104070aATENEOMbATENEOMcDEPO2d2008-01-17eSCl0oL-24178p1017652r2023-02-23 00:00:00w2023-02-23yMONOGRAFIA